UM Logo
Normal view MARC view
  • Electronic Circuit Design.

Entry Topical Term

Number of records used in: 1

001 - CONTROL NUMBER

  • control field: 39739

003 - CONTROL NUMBER IDENTIFIER

  • control field: OSt

005 - DATE AND TIME OF LATEST TRANSACTION

  • control field: 20190917184306.0

008 - FIXED-LENGTH DATA ELEMENTS

  • fixed length control field: 190917|| aca||aabn | a|a d

040 ## - CATALOGING SOURCE

  • Original cataloging agency: OSt
  • Transcribing agency: OSt

150 ## - HEADING--TOPICAL TERM

  • Topical term or geographic name entry element: Electronic Circuit Design.

670 ## - SOURCE DATA FOUND

  • Source citation: Work cat.: (OSt): Garg, Deepak 39737, VLSI design/, c2017.